|
|
|
|
| LEADER |
00000cam a2200000 i 4500 |
| 001 |
1/13383 |
| 008 |
001127s1998 gr | ||| |||| ||gre|| |
| 020 |
|
|
|a 9608478014
|
| 035 |
|
|
|l 10064600
|
| 040 |
|
|
|a GR-MyUA
|b gre
|e AACR2
|
| 041 |
1 |
|
|a gre
|h eng
|
| 082 |
0 |
|
|a 306.483
|
| 100 |
1 |
|
|a Elias, Norbert,
|d 1897-1990.
|
| 245 |
1 |
0 |
|a Αθλητισμός και ελεύθερος χρόνος στην εξέλιξη του πολιτισμού /
|c Νόρμπερτ Ελίας και Έρικ Ντάνινγκ ; μετάφραση Σούζυ Χειρδάρη - Γιώτα Κακαρούκα.
|
| 260 |
|
|
|a Αθήνα :
|b Δρομέας,
|c 1998.
|
| 300 |
|
|
|a 381 σ.
|
| 500 |
|
|
|a Τίτλος πρωτοτύπου: Quest for excitement: sport and leisure in the civilising process.
|
| 650 |
0 |
0 |
|a Sports
|x Social aspects
|z Great Britain.
|
| 650 |
0 |
0 |
|a Leisure
|x Social aspects
|z Great Britain.
|
| 650 |
0 |
0 |
|a Soccer
|x Social aspects
|z Great Britain.
|
| 700 |
1 |
|
|a Dunning, Eric.
|
| 852 |
|
|
|a INST
|b LESVOS
|e 20001127
|h 306.483 ELI
|p 005100029505
|q 005100029505
|t BK
|y 0
|
| 901 |
|
|
|a BIBL1-2000-3
|
| 909 |
|
|
|a Λ
|b 082589
|
| 970 |
|
|
|a ΜΟΥΣΤΑΚΑ
|b ΠΗΝΕΛΟΠΗ
|z 2000/11/27
|